[Event "Foment Martinenc op-C 18th"]
[Site "Barcelona"]
[Date "2016.05.21"]
[Round "5"]
[White "Clusa Capell, Albert"]
[Black "Martin Palau, Roger"]
[Result "0-1"]
[WhiteElo "1700"]
[BlackElo "1750"]
[PlyCount "74"]
[EventDate "2016.04.23"]
[EventType "swiss"]
[EventRounds "9"]
[EventCountry "ESP"]
[SourceTitle "EXT 2017"]
[Source "ChessBase"]
[SourceDate "2016.10.25"]
[SourceVersion "1"]
[SourceVersionDate "2016.10.25"]
[SourceQuality "1"]

1. e4 e6 2. d4 d5 3. Nc3 Nf6 4. Bd3 c5 5. e5 Nfd7 6. b3 cxd4 7. Nce2 Nxe5 8. Bb5+ Bd7 9. Bxd7+ Qxd7 10. Nxd4 Nbc6 11. c3 Bc5 12. Be3 Ba3 13. Qe2 Rc8 14. Nb5 Be7 15. Nxa7 Nxa7 16. Bxa7 Rxc3 17. Bd4 Nd3+ 18. Kd1 Qc6 19. Qd2 Bb4 20. Bxc3 Nb2+ 21. Qxb2 Bxc3 22. Qc2 Bxa1 23. Qxc6+ bxc6 24. Nf3 0-0 25. Kd2 Bf6 26. Kd3 e5 27. Nd2 e4+ 28. Kc2 Bd4 29. Rf1 f5 30. g3 f4 31. b4 Ra8 32. Kb3 e3 33. Nf3 c5 34. Nxd4 cxd4 35. a4 e2 36. Rc1 d3 37. Kc3 Rc8+ 0-1